Ocular Oncology

This atlas covers all aspects of retina, retinal pigment epithelium, and choroidal tumors, as well as other simulating lesions of intraocular tumors and paraneoplastic syndromes. Each chapter features numerous high-quality pictures based on multimodal imaging, including color fundus photography, fun...

Πλήρης περιγραφή

Λεπτομέρειες βιβλιογραφικής εγγραφής
Συγγραφή απο Οργανισμό/Αρχή: SpringerLink (Online service)
Άλλοι συγγραφείς: Rojanaporn, Duangnate (Επιμελητής έκδοσης, http://id.loc.gov/vocabulary/relators/edt)
Μορφή: Ηλεκτρονική πηγή Ηλ. βιβλίο
Γλώσσα:English
Έκδοση: Singapore : Springer Singapore : Imprint: Springer, 2019.
Έκδοση:1st ed. 2019.
Σειρά:Retina Atlas,
Θέματα:
Διαθέσιμο Online:Full Text via HEAL-Link
LEADER 03227nam a2200445 4500
001 978-981-13-2336-2
003 DE-He213
005 20190807152505.0
007 cr nn 008mamaa
008 190503s2019 si | s |||| 0|eng d
020 |a 9789811323362  |9 978-981-13-2336-2 
024 7 |a 10.1007/978-981-13-2336-2  |2 doi 
040 |d GrThAP 
050 4 |a RE1-994 
072 7 |a MJQ  |2 bicssc 
072 7 |a MED063000  |2 bisacsh 
072 7 |a MJQ  |2 thema 
082 0 4 |a 617.7  |2 23 
245 1 0 |a Ocular Oncology  |h [electronic resource] /  |c edited by Duangnate Rojanaporn. 
250 |a 1st ed. 2019. 
264 1 |a Singapore :  |b Springer Singapore :  |b Imprint: Springer,  |c 2019. 
300 |a IX, 158 p. 124 illus., 109 illus. in color.  |b online resource. 
336 |a text  |b txt  |2 rdacontent 
337 |a computer  |b c  |2 rdamedia 
338 |a online resource  |b cr  |2 rdacarrier 
347 |a text file  |b PDF  |2 rda 
490 1 |a Retina Atlas,  |x 2662-5741 
505 0 |a Choroidal nevus -- Choroidal melanoma -- Choroidal metastasis -- Choroidal hemangioma -- Choroidal osteoma and sclerochoroidal calcification -- Retinal vascular tumors (cavernous hemangioma, capillary hemangioma and racemose hemangioma) -- Vasoproliferatve tumors of the retina -- Astrocytic hamartoma of the retina -- Intraocular lymphoma -- Retinoblastoma -- Tumors and related lesions of the pigmented epithelium -- Retinal metastasis -- Peipheral exudative hemorrhagic chorioretinopathy -- Optic disc melanocytoma -- Medulloepithelioma -- Paraneoplastic syndrome. . 
520 |a This atlas covers all aspects of retina, retinal pigment epithelium, and choroidal tumors, as well as other simulating lesions of intraocular tumors and paraneoplastic syndromes. Each chapter features numerous high-quality pictures based on multimodal imaging, including color fundus photography, fundus autofluorescence, optical coherence tomography, ultrasonography, ultra-widefield imaging, and fundus angiography. Designed to assist in the diagnosis and treatment of posterior segment intraocular tumors and simulating lesions, this book is intended for ocular oncologists, retina specialists, general ophthalmologists, residents and retina fellows. Ocular Oncology atlas is part of the series Retina Atlas, which provides global perspectives on vitreoretinal diseases, covering imaging basics, retinal vascular disease, macular disorders, ocular inflammatory and infectious disorders, retinal degeneration, surgical retina, ocular oncology, pediatric retina and trauma. Retina Atlas consists of 9 volumes and about 100 chapters, presenting validated and comprehensive information on retinal disorders. . 
650 0 |a Ophthalmology. 
650 1 4 |a Ophthalmology.  |0 http://scigraph.springernature.com/things/product-market-codes/H44004 
700 1 |a Rojanaporn, Duangnate.  |e editor.  |4 edt  |4 http://id.loc.gov/vocabulary/relators/edt 
710 2 |a SpringerLink (Online service) 
773 0 |t Springer eBooks 
776 0 8 |i Printed edition:  |z 9789811323355 
776 0 8 |i Printed edition:  |z 9789811323379 
830 0 |a Retina Atlas,  |x 2662-5741 
856 4 0 |u https://doi.org/10.1007/978-981-13-2336-2  |z Full Text via HEAL-Link 
912 |a ZDB-2-SME 
950 |a Medicine (Springer-11650)